000 02063nam a2200301 a 4500
008 120416s1981 ||||||||||||||||| || u
020 _a0070845719
050 _aHF 5635 Sam
100 _aPiper, Andrew
245 1 0 _aAdvanced financial accounting
260 _aLondon:
_bMcGraw-Hill
_c1981
300 _aviii, 341p. : ill.
350 _a0.00
500 _aBibliography
650 0 _aACCOUNTING--HANDBOOKS, MANUALS, ETC
700 _aSamuels, John Malcolm
700 _aRickwood, Colin
995 _aANNEX COLLECTION (Main Library)
_D0.00
_e709082
_FCBU-MAIN LIBRARY (Kitwe)
_H1
_I11.95
_jHF 5635 Sam
_UAVAILABLE
_y006284
_ZAnnex Low-Usage Collection
995 _aMAIN LIBRARY OPEN ACCESS
_D0.00
_e024614
_FCBU-MAIN LIBRARY (Kitwe)
_H3
_I11.95
_jHF 5635 Sam
_UAVAILABLE
_y024614
_ZMain Library Open Access Collection
995 _aTEXTBOOKS (SB)
_D0.00
_e7136
_FCBU-SCHOOL TEXTBOOK COLLECTIONS
_H1
_I0.00
_jSCHOOL TEXTBOOK
_M10
_UAVAILABLE
_WSep 10, 2009
_y7136
_ZSchool Collections
995 _aANNEX COLLECTION (Main Library)
_D0.00
_e708532
_FCBU-MAIN LIBRARY (Kitwe)
_H2
_I11.95
_jHF 5635 Sam
_UAVAILABLE
_y006285
_ZAnnex Low-Usage Collection
995 _aTEXTBOOKS (SB)
_D0.00
_e7133
_FCBU-SCHOOL TEXTBOOK COLLECTIONS
_H1
_I0.00
_jSCHOOL TEXTBOOK
_M7
_UAVAILABLE
_WSep 10, 2009
_y7133
_ZSchool Collections
995 _aTEXTBOOKS (SB)
_D0.00
_e7134
_FCBU-SCHOOL TEXTBOOK COLLECTIONS
_H1
_I0.00
_jSCHOOL TEXTBOOK
_M8
_UAVAILABLE
_WSep 10, 2009
_y7134
_ZSchool Collections
995 _aMAIN LIBRARY OPEN ACCESS
_D0.00
_e006286
_FCBU-MAIN LIBRARY (Kitwe)
_H4
_I11.95
_jHF 5635 Sam
_ULOST
_y006286
_ZMain Library Open Access Collection
995 _aTEXTBOOKS (SB)
_D0.00
_e7132
_FCBU-SCHOOL TEXTBOOK COLLECTIONS
_H1
_I0.00
_jSCHOOL TEXTBOOK
_M6
_UAVAILABLE
_WSep 10, 2009
_y7132
_ZSchool Collections
995 _aMAIN LIBRARY OPEN ACCESS
_D0.00
_e006283
_FCBU-MAIN LIBRARY (Kitwe)
_H5
_I11.95
_jHF 5635 Sam
_UAVAILABLE
_y006283
_ZMain Library Open Access Collection
995 _aTEXTBOOKS (SB)
_D0.00
_e7135
_FCBU-SCHOOL TEXTBOOK COLLECTIONS
_H1
_I0.00
_jSCHOOL TEXTBOOK
_M9
_UAVAILABLE
_WSep 10, 2009
_y7135
_ZSchool Collections
999 _c83701
_d83701